| 000 | 01071nam a22004090a 4500 | ||
|---|---|---|---|
| 001 | PT28266 | ||
| 003 | AR-LpoUNG | ||
| 005 | 20210131233414.0 | ||
| 008 | 191001s1989||||ag |||||||||||||||||spa d | ||
| 020 |
_a9500705389 _c$17 |
||
| 040 |
_aAR-LpoUNG _bspa _cAR-LpoUNG _eaacr |
||
| 041 | _aspa | ||
| 044 | _aag | ||
| 082 | 0 | _a982.05 113cap | |
| 100 | 1 | _aSábato, Hilda | |
| 245 | 1 | 0 |
_aCapitalismo y ganadería en Buenos Aires : _bla fiebre del lanar 1850-1890 |
| 250 | _a1ra. ed. | ||
| 260 |
_aBuenos Aires : _bSudamericana, _c1989. |
||
| 300 |
_a317 p. : _btbls. |
||
| 650 | 4 | _aAGROINDUSTRIA | |
| 650 | 4 | _aANALISIS HISTORICO | |
| 650 | 4 | _aARGENTINA | |
| 650 | 4 | _aASPECTOS ECONOMICOS | |
| 650 | 4 | _aCAPITALISMO | |
| 650 | 4 | _aCOMERCIO EXTERIOR | |
| 650 | 4 | _aECONOMIA | |
| 650 | 4 | _aGANADERIA | |
| 650 | 4 | _aHISTORIA | |
| 650 | 4 | _aINDUSTRIA DE LA LANA | |
| 650 | 4 | _aJEFES DE ESTADO | |
| 650 | 4 | _aPOLITICA | |
| 650 | 4 | _aPOLITICA DE EXPORTACION | |
| 651 | 4 | _aArgentina | |
| 653 | _aADMINISTRACION DE TIERRAS | ||
| 905 | _a28266 | ||
| 942 | _cLIB | ||
| 999 |
_c20482 _d20482 |
||